00458nam a22001577a 450000500170000001000150001702000310003203500140006303700130007708200080009010000180009824500440011626000360016027000690019630000350026520210722122913.0 aENG-129613 a978-81-927999-2-6c1180.00 aEN-113145 bDBAD/PUB a301 aReddy, V Rami aGeneral Anthropology/cBy V. Rami Reddy aAndhra PradeshbV.Indira c2018 a8-30,Vidyanagar,bSvunt colony, Tirupati, Andhra Pradeshe517502 a289p.c26cm(pbk)bBibliography